Pretty Little Liars Quiz - Statistics

General Stats
  • This quiz has been taken 617 times
  • The average score is 13 of 15
Answer Stats
Hint Answer % Correct
Spencer's last name? Hastings
99%
Aria's last name? Montgomery
98%
Emily's last name? Fields
97%
Hanna's last name? Marin
97%
__ is revealed as -A in Season 2 Mona
97%
__ was writing a book about the five girls Ezra
95%
Ezria? Aria and Ezra
91%
Spoby? Spencer and Toby
91%
Haleb? Hanna and Caleb
90%
__ is revealed as -A in Season 3 Toby
90%
Alison's last name? DiLaurentis
89%
Emison? Emily and Alison
85%
__ was working for Jenna in Season 1 Caleb
68%
Owner of the dollhouse in Season 5 Charles
58%
__ is revealed as -A at the beginning of Season 5 Shana
37%
No matching quizzes found
Score Distribution
Percent of People with Each Score
Percentile by Number Answered
Your Score History
You have not taken this quiz